000
00321nam a22001337a 4500
008
170329b xxu||||| |||| 00| 0 eng d
020
_a
9780534599867
041
_a
eng
080
_2
7TH
_a
796.3
100
_a
8
101
_a
SHM
245
_a
PRINCIPLES AND LABS FOR FITNESS AND WELLNESS
_c
HOEGER, W.W.K
942
_2
udc
_c
BK
999
_c
8899
_d
8899